00310nam a2200121Ia 4500008004100000041000800041082001500049100001800064245003800082260002800120300002900148365001100177240624s9999 xx 000 0 und d aeng a658.87 JOS aJOSHI GIRDHAR aINFORMATION TECHNOLOGY FOR RETAIL c2014aNew DelhibOxford av, : 401 : p. : cm. ; 26 cRSb31